Statistiques concernant Pays les plus proches de l'Inde

Cliquez ici pour prendre le quiz!

Statistiques générales

  • Ce quiz a été pris 553 fois
  • Le résultat moyen est 17 sur 20

Statistiques - réponses

kmpays% Correct
0Chine
98%
0Pakistan
97%
0Népal
94%
1Sri Lanka
93%
0Bangladesh
91%
486Thaïlande
90%
211Afghanistan
89%
0Bhoutan
89%
0Birmanie
88%
717Laos
84%
721Viêt Nam
82%
277Tadjikistan
81%
733Turkménistan
81%
613Iran
80%
617Ouzbékistan
79%
172Indonésie
77%
525Kirghizistan
76%
808Kazakhstan
73%
632Malaisie
73%
130Maldives
72%

Distribution des résultats

Percentile par nombre de réponses

% des personnes avec chaque résultat

Votre développement - résultats

Vous n’avez pas pris ce quiz